000 01431nam a22002537a 4500
999 _c60849
_d60849
003 Ge_BSU
005 20231108124143.0
008 231107s2019 ge ||||| |||| 00| 0 geo d
020 _a9789941488306
041 _ageo
080 _a94(37) ს-96
100 _aსურგულაძე, კახაბერ
_920305
245 _aძველი რომი :
_bსახელმძღვანელო. (ტ.1) /
_cკახაბერ სურგულაძე; რედ. ომარ ნიშნიანიძე; ბათუმის შოთა რუსთაველის სახელმწიფო უნივერსიტეტი
264 _aბათუმი :
_bბათუმის შოთა რუსთაველის სახელმწიფო უნივერსიტეტი,
_c2019.
300 _a460 გვ.:
_bილ.;
_c23 სმ.
500 _aპარალ. სათ. ინგლ. ენაზე
501 _aდანართი გვ. 409-458
504 _aბიბლიოგრ. გვ. 393-408
653 _aისტორია
653 _aძველი რომი
700 _aნიშნიანიძე, ომარ
_eრედაქტორი
_96024
710 _aბათუმის შოთა რუსთაველის სახელმწიფო უნივერსიტეტი
_920306
942 _2udc
_cBK